000 003330000a22001450004500
005 20120302064643.0
942 _cBOOK
100 _a Joshi , Vimala.
245 _a Paulkhuna
260 _aPune : Prapancha Prakashan ,1985.
300 _a160 p.
040 _amar
365 _bRs.40 /-
650 _aLekha / Lalit Lekha / Paulkhuna
999 _c362722
_d362719